[Event "1st Artemis Cup"]
[Site "Leros GRE"]
[Date "2009.07.14"]
[Round "4"]
[White "Estremera Panos,S"]
[Black "Shneider,Alek"]
[Result "1/2-1/2"]
[WhiteElo "2394"]
[BlackElo "2539"]

1.d4 Nf6 2.c4 e6 3.Nf3 b6 4.g3 Ba6 5.Qc2 Bb4+ 6.Bd2 Be7 7.Bg2 c6 8.c5 O-O
9.Na3 Ne8 10.Ne5 f6 11.Nd3 Bxd3 12.Qxd3 bxc5 13.dxc5 Bxc5 14.Rc1 Be7 15.Nc4 a5
16.e4 d5 17.Ne3 Ra6 18.O-O Nd6 19.Rfd1 f5 20.exf5 Nxf5 21.Bc3 Kh8  1/2-1/2

[Event "ch-SUI"]
[Site "Graechen SUI"]
[Date "2009.07.16"]
[Round "8"]
[White "Kelecevic,N"]
[Black "Jenni,F"]
[Result "1/2-1/2"]
[WhiteElo "2320"]
[BlackElo "2513"]

1.d4 Nf6 2.c4 e6 3.Nf3 b6 4.g3 Ba6 5.b3 Bb4+ 6.Bd2 Be7 7.Bg2 c6 8.Bc3 d5
9.Ne5 Nfd7 10.Nxd7 Nxd7 11.Nd2 Nf6 12.O-O O-O  1/2-1/2

[Event "LTC Open A"]
[Site "Leiden NED"]
[Date "2009.07.16"]
[Round "6"]
[White "Sanikidze,T"]
[Black "Van den Doel,E"]
[Result "0-1"]
[WhiteElo "2559"]
[BlackElo "2590"]

1.d4 Nf6 2.c4 e6 3.Nf3 b6 4.g3 Ba6 5.Qa4 Be7 6.Nc3 O-O 7.Bg2 c6 8.Ne5 Bb7
9.O-O d5 10.Rd1 a6 11.e4 b5 12.Qb3 dxc4 13.Nxc4 Qc7 14.Ne3 c5 15.d5 c4 16.Qc2 Nbd7
17.b3 cxb3 18.Qxb3 Nc5 19.Qc2 Rac8 20.Bb2 Na4 21.e5 Nxb2 22.d6 Nxd1 23.dxc7 Nxe3
24.fxe3 Bxg2 25.Qxg2 Rxc7 26.exf6 Bxf6 27.Nxb5 axb5 28.Rb1 Rfc8 29.Qe4 h6
30.Kg2 Rc2+ 31.Kh3 Rxa2 32.Rxb5 g6 33.Rb7 Rcc2 34.Rb8+ Kh7 35.Qb7 Rxh2+ 36.Kg4 Bg7
37.e4 Raf2 38.e5 h5+  0-1

[Event "TCh Eur-Youth U18"]
[Site "Pardubice CZE"]
[Date "2009.07.16"]
[Round "1"]
[White "Jorczik,J"]
[Black "Kazimova,N"]
[Result "1-0"]
[WhiteElo "2352"]
[BlackElo "2218"]

1.d4 Nf6 2.c4 e6 3.Nf3 b6 4.g3 Ba6 5.Qc2 c5 6.d5 exd5 7.cxd5 Bb7 8.Bg2 Nxd5
9.O-O Be7 10.Rd1 Nc6 11.Qf5 Nf6 12.e4 g6 13.Qf4 O-O 14.e5 Nh5 15.Qg4 Qc8
16.Nc3 d5 17.Qxc8 Rfxc8 18.Nxd5 Rd8 19.Nxe7+ Nxe7 20.Bg5 Kf8 21.Rd6 Rxd6
22.exd6 Ng8 23.g4 Nhf6 24.Rd1 Rd8 25.Ne5 Bxg2 26.Kxg2 h6 27.Bxf6 Nxf6 28.d7 g5
29.f4 Kg7 30.fxg5 hxg5 31.Kf3  1-0

[Event "TCh Eur-Youth U18"]
[Site "Pardubice CZE"]
[Date "2009.07.17"]
[Round "2"]
[White "Sipahioglu,I"]
[Black "Petenyi,T"]
[Result "1/2-1/2"]
[WhiteElo "2057"]
[BlackElo "2308"]

1.d4 Nf6 2.c4 e6 3.Nf3 b6 4.g3 Ba6 5.Qb3 d5 6.cxd5 exd5 7.Bg2 Bd6 8.Nc3 c6
9.O-O O-O 10.Re1 Nbd7 11.e4 dxe4 12.Ng5 Bb7 13.Ngxe4 Nxe4 14.Nxe4 Nf6 15.Nxd6 Qxd6
16.Bf4 Qd7 17.Bg5 Qd6 18.Bf4 Qd8 19.Rac1 Re8 20.Be5 Rc8 21.Qa3 a6 22.Qb3 Nd5
23.Bxd5 cxd5 24.Rxc8 Qxc8 25.Re3 f6 26.Bd6 b5 27.Rxe8+ Qxe8 28.Qe3 Qc8 29.Qe7 Bc6
30.Bc7 Qf5 31.Bd6 h6 32.Ba3 Qb1+ 33.Kg2 Qf5 34.Qe2 Kh7 35.f3 h5 36.Bd6 Bd7
37.a3 Qg6 38.h3 Bf5 39.Kh2 Bd3 40.Qe3 Bf1 41.Qf2 Bd3 42.Kg2 Qf5 43.Qe3 Bc4
44.g4 hxg4 45.hxg4 Qb1 46.b4 Bd3 47.Bf8 Qc2+ 48.Qf2 Qc1 49.Kg3 Bg6 50.Bc5 Qxa3
51.Qh2+ Kg8 52.Qe2 Qb3 53.Qe6+ Kh7 54.g5 Be4 55.g6+ Bxg6 56.Qh3+ Kg8 57.Qc8+ Kh7
58.Qh3+ Kg8 59.Qc8+ Kh7  1/2-1/2

[Event "TCh Eur-Youth U18"]
[Site "Pardubice CZE"]
[Date "2009.07.17"]
[Round "2"]
[White "Klim,K"]
[Black "Binder,Mi"]
[Result "1-0"]
[WhiteElo "2280"]
[BlackElo "2174"]

1.d4 Nf6 2.c4 e6 3.Nf3 b6 4.g3 Ba6 5.Nbd2 d5 6.Bg2 Bb7 7.O-O Nbd7 8.Ne5 Bd6
9.Ndf3 O-O 10.cxd5 exd5 11.Bf4 Ne4 12.Nd3 Be7 13.Rc1 c5 14.dxc5 bxc5 15.Nfe5 Nxe5
16.Nxe5 Qa5 17.Bxe4 dxe4 18.Qd7  1-0

[Event "Najdorf Mem Open"]
[Site "Warsaw POL"]
[Date "2009.07.18"]
[Round "1"]
[White "Krysztofiak,M"]
[Black "Sliwerski,R"]
[Result "1-0"]
[WhiteElo "2427"]
[BlackElo "2105"]

1.d4 Nf6 2.Nf3 e6 3.c4 b6 4.g3 Ba6 5.b3 Bb4+ 6.Bd2 Be7 7.Nc3 d5 8.cxd5 exd5
9.Bg2 c6 10.Qc2 O-O 11.O-O Nbd7 12.Rfe1 Rc8 13.Bh3 c5 14.Qb2 Rc6 15.Rad1 Bc8
16.Bg2 c4 17.Ne5 Nxe5 18.dxe5 Ne4 19.Nxe4 dxe4 20.Bxe4 Rc7 21.Bc3 Qe8 22.bxc4 Rxc4
23.Bd3 Rc5 24.Bb4 Rxe5 25.Qxe5 Bxb4 26.Qxe8 Rxe8 27.Bb5 Rf8 28.Rf1 Bh3 29.Rc1 Bxf1
30.Kxf1 Bc5 31.Rd1 a5 32.Rd7 f5 33.e3 g6 34.h4 Rf6 35.Ke2 Rd6 36.Rb7 h6 37.Bc4+ Kf8
38.h5 gxh5 39.Rf7+ Kg8 40.Rxf5+ Kg7 41.Rxh5 a4 42.Rd5 Rxd5 43.Bxd5 Kf6 44.f4 a3
45.e4 b5 46.e5+ Kf5 47.Kf3 h5 48.Bf7 b4 49.Bxh5 Ke6 50.Ke4 Bf2 51.f5+ Ke7
52.f6+ Ke6 53.Bd1 Bxg3 54.Bb3+ Kd7 55.e6+  1-0

[Event "1st Artemis Cup"]
[Site "Leros GRE"]
[Date "2009.07.19"]
[Round "9"]
[White "Mchedlishvili,M"]
[Black "Shneider,Alek"]
[Result "1/2-1/2"]
[WhiteElo "2592"]
[BlackElo "2539"]

1.d4 Nf6 2.c4 e6 3.Nf3 b6 4.g3 Ba6 5.b3 Bb4+ 6.Bd2 Be7 7.Bg2 c6 8.Bc3 d5
9.Ne5 Nfd7 10.Nxd7 Nxd7 11.Nd2 f5 12.O-O  1/2-1/2

[Event "Hanowa Generations"]
[Site "Biel SUI"]
[Date "2009.07.20"]
[Round "1"]
[White "Schiendorfer,E"]
[Black "Illijin,N"]
[Result "1-0"]
[WhiteElo "2321"]
[BlackElo "2246"]

1.d4 Nf6 2.c4 e6 3.Nf3 b6 4.g3 Ba6 5.Qc2 c5 6.d5 Bb7 7.e4 exd5 8.exd5 g6
9.Bg2 Bg7 10.O-O O-O 11.Nc3 d6 12.Re1 a6 13.b3 Bc8 14.Bb2 Ra7 15.Nh4 Re8
16.Qd2 Rae7 17.Kf1 Ng4 18.h3 Bh6 19.f4 Ne3+ 20.Kg1 Nxg2 21.Kxg2 Qd7 22.g4 Bg7
23.Rxe7 Rxe7 24.Re1 h5 25.f5 hxg4 26.hxg4 Qe8 27.Rf1 Nd7 28.g5 Bd4 29.Nf3 Be3
30.Qc2 Bxg5 31.Ne4 Bf6 32.Rh1 Bd4 33.Nxd4 Rxe4 34.Ne6 Re5 35.Bxe5 Nxe5 36.Nf4 Bxf5
37.Qe2 Bg4 38.Qe1 Bf3+ 39.Kg3 Bxh1 40.Qxh1 Qd7 41.Qh3 Qxh3+ 42.Kxh3 Kf8 43.Ne2 Ke7
44.Nc3 Nd7 45.Kg4 f6 46.Kf4 f5 47.Kf3 Ne5+ 48.Ke3 Kd7 49.Kf4 Nf7 50.a4 Ne5
51.Nb1 Kc7 52.Nd2 Nf7 53.Nf3 b5 54.axb5 axb5 55.cxb5 Kb6 56.Nh4 Ne5 57.Nxg6 Nxg6+
58.Kxf5 Nh4+ 59.Ke6 Kxb5 60.Kxd6 Kb6 61.Ke7 Nf5+ 62.Kd7 Nh4  1-0

[Event "MTO"]
[Site "Biel SUI"]
[Date "2009.07.21"]
[Round "2"]
[White "Rodshtein,M"]
[Black "Klauser,M"]
[Result "1-0"]
[WhiteElo "2623"]
[BlackElo "2386"]

1.d4 Nf6 2.c4 e6 3.Nf3 b6 4.g3 Ba6 5.Qc2 c6 6.e4 d5 7.cxd5 Bxf1 8.Kxf1 cxd5
9.e5 Ne4 10.Nbd2 Nxd2+ 11.Bxd2 Be7 12.Kg2 Qd7 13.Rac1 Na6 14.Qd3 Nc7 15.Rc3 O-O
16.Rhc1 Bd8 17.Rc6 f6 18.h4 Rf7 19.Qe2 Rb8 20.h5 f5 21.h6 g6 22.Bg5 Qe8 23.Qc2 Rb7
24.Rd6 Be7 25.Qc6 Qxc6 26.Rdxc6 Bf8 27.Bd8 Bxh6 28.Rh1 Bf8 29.Ng5 Rd7 30.Bxc7 Rbxc7
31.Rhc1 Rxc6 32.Rxc6 Be7 33.Rc8+ Rd8 34.Rxd8+ Bxd8 35.Nxe6 Be7 36.Nc7 Bb4
37.Nxd5 Bd2 38.f4 Kf7 39.Kf3 h6 40.Nc7 Bc1 41.d5 Bxb2 42.d6 Kf8 43.e6 Bf6
44.Nd5  1-0

[Event "32nd Taminco Open"]
[Site "Ghent BEL"]
[Date "2009.07.21"]
[Round "7"]
[White "Van der Stricht,G"]
[Black "Tonoli,B"]
[Result "1-0"]
[WhiteElo "2390"]
[BlackElo "2168"]

1.d4 Nf6 2.c4 e6 3.Nf3 b6 4.g3 Ba6 5.Nbd2 d5 6.Bg2 Be7 7.O-O O-O 8.cxd5 exd5
9.Ne5 c5 10.dxc5 bxc5 11.Ndc4 Ne4 12.Ne3 Bb7 13.Qb3 Bc6 14.Nxc6 Nxc6 15.Qxd5 Qxd5
16.Nxd5 f5 17.Be3 Bd6 18.Rac1 Rab8 19.b3 Nd4 20.Bxd4 cxd4 21.Rc6 Rfd8 22.Rxd6 Rxd6
23.Ne7+ Kf8 24.Nxf5 Re6 25.Nxd4 Ree8 26.Rc1 Rbd8 27.e3 Rd7 28.h4 Rf7 29.Rc2 Nf6
30.b4 Rb8 31.b5 Rd7 32.Rc5 Rd6 33.Bc6 g6 34.a4 Nd7 35.Rc2 Ne5 36.Be4 a6 37.Rc7 axb5
38.axb5 Rd7 39.Rc5 Nf7 40.h5 Kg7 41.Kg2 Nd6 42.Bc6 Re7 43.g4 Ne4 44.Rc1 Nf6
45.Bf3 Rb6 46.g5 Ne4 47.h6+ Kf7 48.Rc8 Nxg5 49.Bd5+ Kf6 50.Rf8+ Nf7 51.f4 g5
52.fxg5+ Kxg5 53.Rxf7 Rxe3 54.Rg7+ Kf6 55.Rxh7 Ke5 56.Bc6 Kxd4 57.Rd7+ Ke5
58.Re7+ Kd4 59.Rxe3 Kxe3 60.Kg3 Rb8 61.Kg4 Kd4 62.Kf5 Kc5 63.h7  1-0

[Event "32nd Taminco Open"]
[Site "Ghent BEL"]
[Date "2009.07.21"]
[Round "8"]
[White "Alienkin,A"]
[Black "Roos,Ad"]
[Result "1-0"]
[WhiteElo "2402"]
[BlackElo "2060"]

1.d4 Nf6 2.Nf3 e6 3.c4 b6 4.g3 Ba6 5.Nbd2 Bb4 6.Qc2 Bb7 7.Bg2 O-O 8.O-O d5
9.Ne5 Nfd7 10.Nd3 Be7 11.b3 Nc6 12.Bb2 Nb4 13.Nxb4 Bxb4 14.a3 Be7 15.e4 Rc8
16.b4 c5 17.dxc5 bxc5 18.exd5 exd5 19.b5 Ba8 20.cxd5 Nf6 21.Nc4 Qd7 22.Rad1 Qxb5
23.Bxf6 Bxf6 24.Nd6 Qa6 25.Nxc8 Rxc8 26.Bh3 Rd8 27.Qxc5 Bb7 28.Qc7  1-0

[Event "Maria Albulet Mem"]
[Site "Braila ROM"]
[Date "2009.07.24"]
[Round "9"]
[White "Bulmaga,I"]
[Black "Peptan,C"]
[Result "1/2-1/2"]
[WhiteElo "2277"]
[BlackElo "2392"]

1.d4 Nf6 2.Nf3 e6 3.c4 b6 4.g3 Ba6 5.Qc2 Bb7 6.Bg2 c5 7.d5 exd5 8.cxd5 g6
9.O-O Bg7 10.Nc3 O-O 11.e4 d6 12.Re1 Na6 13.Bf4 Qd7 14.a3 Nh5 15.Be3 b5 16.Bf1 Nc7
17.b4 c4 18.Nd4 Rfe8 19.Bg2 a5 20.h3 Ra6 21.g4 Nf4 22.Bxf4 Bxd4 23.Qd2 Bg7
24.Be3 axb4 25.axb4 Rea8 26.Rab1 Qe7 27.Bd4 Bxd4 28.Qxd4 Qe5 29.Qxe5 dxe5
30.f4 f6 31.fxe5 fxe5 32.Kf2 Kf7 33.Ke3 Ke7 34.Bf3 Bc8 35.Be2 Bd7 36.g5 Ra3
37.Kd2 Ne8 38.Bg4 Nd6 39.Bxd7 Kxd7 40.Kc2 Rf8 41.Rf1 Rxf1 42.Rxf1 Ke7 43.h4 Ke8
44.Rh1 Ra7 45.Rf1 Rf7 46.Rxf7 Kxf7 47.Kd2 Kg7 48.Ke3 h6 49.Kf3  1/2-1/2

[Event "ch-AUT"]
[Site "Jenbach AUT"]
[Date "2009.07.25"]
[Round "1"]
[White "Kleissl,H"]
[Black "Wertjanz,Dav"]
[Result "1-0"]
[WhiteElo "2271"]
[BlackElo "2071"]

1.Nf3 Nf6 2.c4 e6 3.d4 b6 4.g3 Ba6 5.Qc2 Bb7 6.Bg2 c5 7.d5 exd5 8.Nh4 d6
9.Nc3 Nbd7 10.O-O a6 11.Nf5 g6 12.Ne3 Bg7 13.Nexd5 Nxd5 14.Nxd5 O-O 15.Bf4 Ne5
16.Rad1 Bxd5 17.Rxd5 Qc7 18.Rfd1 Rad8 19.h4 Rfe8 20.b3 Bf8 21.h5 Nc6 22.R5d2 Nd4
23.Qd3 Ne6 24.Bd5 Nxf4 25.gxf4 Qd7 26.Qg3 Qf5 27.hxg6 Qxg6 28.Kg2 Qxg3+ 29.Kxg3 Bg7
30.e3 Re7 31.Kg4 Kf8 32.Rh1 h6 33.Kf5 Rc7 34.e4 Kg8 35.f3 Kh7 36.Rg2 f6 37.Rd2 Ra7
38.Be6 Rc7 39.Rhd1 Rc6 40.a4 a5 41.Rd5 Bh8 42.Kg4 Bg7 43.e5 fxe5 44.Bf5+ Kh8
45.fxe5 Bxe5 46.f4 Bd4 47.Rh1 Kg7 48.Be4 Rc7 49.Rdh5 Rh8 50.Bd5 Re7 51.R1h2 Re1
52.Rf5 Rg1+ 53.Kf3 Bf6 54.Re2 Kg6 55.Be4 Kg7 56.Bc6 Kg6 57.Rd5 Rd8 58.Re6 Kf7
59.Rdxd6 Rxd6 60.Rxd6 Ke7 61.Rd7+ Ke6 62.Rb7 Bd8 63.Rh7 Rb1 64.Rxh6+ Ke7
65.Ke4 Rxb3 66.f5 Rb1 67.f6+ Kf7 68.Bd5+ Ke8 69.f7+ Ke7 70.Rh8 Re1+ 71.Kd3  1-0

[Event "zt 3.3"]
[Site "Ho Chi Minh City VIE"]
[Date "2009.07.26"]
[Round "5"]
[White "Pham Chuong"]
[Black "Tran Thanh Tu"]
[Result "1-0"]
[WhiteElo "2364"]
[BlackElo "2258"]

1.d4 Nf6 2.Nf3 e6 3.c4 b6 4.g3 Ba6 5.b3 Bb4+ 6.Bd2 Be7 7.Nc3 d5 8.Bg2 c6
9.O-O O-O 10.Rc1 Nbd7 11.Na4 Ne4 12.Ne1 Ba3 13.Rb1 Nxd2 14.Qxd2 Bd6 15.Rc1 Rc8
16.Nd3 Qf6 17.c5 Bb8 18.Nb4 Bb7 19.e3 h5 20.f4 Qe7 21.Nd3 Ba6 22.b4 f6 23.Bh3 g5
24.Rf2 Rf7 25.Nab2 g4 26.Bf1 h4 27.Ne5 Bxf1 28.Nxf7 Ba6 29.Nd6 Bxd6 30.cxd6 Qxd6
31.Qe1 f5 32.Rfc2 Nf6 33.a4 Ne4 34.b5 Bb7 35.Nd3 c5 36.dxc5 bxc5 37.Nxc5 Rxc5
38.Rxc5 d4 39.Qb4 dxe3 40.Rc8+ Bxc8 41.Rxc8+ Kf7 42.Qxd6 Nxd6 43.Rc3 hxg3
44.hxg3 e2 45.Re3 Ne4 46.Rxe4 fxe4 47.Kf2 Ke7 48.Kxe2 Kd6 49.Ke3 Kd5 50.a5 Kc5
51.Kxe4  1-0

[Event "Czech Open A"]
[Site "Pardubice CZE"]
[Date "2009.07.26"]
[Round "3"]
[White "Jorczik,J"]
[Black "Bartos,J"]
[Result "1-0"]
[WhiteElo "2352"]
[BlackElo "2197"]

1.d4 Nf6 2.c4 e6 3.Nf3 b6 4.g3 Ba6 5.Qc2 Bb7 6.Bg2 c5 7.d5 exd5 8.cxd5 Nxd5
9.O-O Qc8 10.a3 Nc7 11.Rd1 d5 12.Bf4 Be7 13.Nc3 O-O 14.Bxc7 Qxc7 15.Nxd5 Bxd5
16.Rxd5 Nd7 17.e4 Nf6 18.Rdd1 Rad8 19.e5 Nd7 20.Re1 Rfe8 21.Re2 Nf8 22.a4 Ne6
23.Rae1 Bf8 24.Re4 Qd7 25.Bf1 Qb7 26.Bc4 Nd4 27.Qc3 Nxf3+ 28.Qxf3 Rd4 29.Rf4 Re7
30.Qxb7 Rxb7 31.Rxd4 cxd4 32.e6 Be7 33.exf7+ Kf8 34.Kf1 g5 35.Rd1 Bf6 36.Ke2 Re7+
37.Kd3 Re5 38.Bb3 Rf5 39.Ke2 g4 40.Bc4 Rh5 41.Rh1 Re5+ 42.Kd3 Rf5 43.Rf1 Kg7
44.Re1 Re5 45.Rc1 Rf5 46.Re1 Re5 47.Rh1 Rf5 48.h3 Rxf2 49.hxg4 Rf3+ 50.Ke4 Re3+
51.Kf5 Rf3+ 52.Ke4 Re3+ 53.Kf5 Rf3+ 54.Ke6 Re3+ 55.Kd7 Be7 56.Rf1 Bc5 57.Rf5 d3
58.Rg5+ Kf6 59.Rxc5 Re7+ 60.Kd8 Rxf7  1-0

[Event "ZMD Open"]
[Site "Dresden GER"]
[Date "2009.07.27"]
[Round "3"]
[White "Blodstein,B"]
[Black "Duenzel,J"]
[Result "1-0"]
[WhiteElo "2194"]
[BlackElo "1971"]

1.d4 Nf6 2.c4 e6 3.Nf3 b6 4.g3 Ba6 5.b3 Bb4+ 6.Bd2 Be7 7.Bg2 c6 8.O-O d5
9.Qc2 O-O 10.Re1 Nbd7 11.Bf4 Rc8 12.Nbd2 Nh5 13.e4 Nxf4 14.gxf4 dxe4 15.Qxe4 Nf6
16.Qe3 Re8 17.Rad1 Qc7 18.Ne5 Bb7 19.Bh3 Rcd8 20.Ndf3 h6 21.Nxf7 Kxf7 22.Qxe6+ Kg6
23.Ne5+  1-0

[Event "Czech Open A"]
[Site "Pardubice CZE"]
[Date "2009.07.27"]
[Round "4"]
[White "Chetverik,M"]
[Black "Ruecker,Be"]
[Result "1/2-1/2"]
[WhiteElo "2354"]
[BlackElo "2258"]

1.d4 Nf6 2.Nf3 e6 3.c4 b6 4.g3 Ba6 5.Qa4 Bb7 6.Bg2 c5 7.O-O cxd4 8.Nxd4 Bxg2
9.Kxg2 Qc8 10.Rd1 Nc6 11.Nb5 a6 12.Nd6+ Bxd6 13.Rxd6 Qb7 14.f3 b5 15.cxb5 axb5
16.Qd1 Ne7  1/2-1/2

[Event "Czech Open A"]
[Site "Pardubice CZE"]
[Date "2009.07.27"]
[Round "4"]
[White "Khanukov,B"]
[Black "Yakimenko,A"]
[Result "1-0"]
[WhiteElo "2379"]
[BlackElo "2091"]

1.d4 e6 2.c4 Nf6 3.Nf3 b6 4.g3 Ba6 5.b3 Bb4+ 6.Bd2 Be7 7.Bg2 O-O 8.Nc3 d5
9.cxd5 exd5 10.Qc2 Re8 11.O-O c5 12.Rfe1 Nc6 13.dxc5 Nb4 14.Qb1 d4 15.Ne4 bxc5
16.Bxb4 cxb4 17.Ne5 Rc8 18.Ng5 Bf8 19.Ngxf7 Qb6 20.Qf5 Rc5 21.Rac1 Bd6 22.Rxc5 Qxc5
23.Bc6 Re7 24.f4 d3+ 25.Kg2 d2 26.Rd1 Bxe5 27.Nxe5 Rxe5 28.fxe5 Qxc6+ 29.Qf3 Qb6
30.exf6 Bb7 31.e4 Qd4 32.Qf4 Bxe4+ 33.Kh3 Qd7+ 34.g4 Qd3+ 35.Kh4 h6 36.fxg7 Qd8+
37.g5 hxg5+ 38.Qxg5 Qd4 39.Rxd2 Bd3+ 40.Kh5 Qd6 41.Kh4 Qd4+ 42.Kh5 Qd6 43.Rf2 Bg6+
44.Qxg6  1-0

[Event "Czech Open A"]
[Site "Pardubice CZE"]
[Date "2009.07.27"]
[Round "4"]
[White "Zilka,S"]
[Black "Kjartansson,G"]
[Result "0-1"]
[WhiteElo "2466"]
[BlackElo "2356"]

1.d4 Nf6 2.c4 e6 3.Nf3 b6 4.g3 Ba6 5.Nbd2 Bb4 6.Qc2 O-O 7.Bg2 d5 8.O-O c5
9.dxc5 Bxc5 10.b3 Nbd7 11.Bb2 Rc8 12.Rfd1 b5 13.e3 Bb4 14.Qb1 bxc4 15.bxc4 Bxd2
16.Nxd2 dxc4 17.Ne4 Nxe4 18.Bxe4 f5 19.Bc2 Qc7 20.Ba3 Rf7 21.Rd6 Bb7 22.Rxe6 Ne5
23.f4 Nf3+ 24.Kf2 Nxh2 25.Qb5 Qd7 26.Qxd7 Rxd7 27.Rd1 Ng4+ 28.Ke1 Rxd1+ 29.Bxd1 Bd5
30.Re7 c3 31.e4 Bxa2 32.exf5 h5 33.Bc2 a5 34.Bc1 Rb8 35.Ke2 Bb1 36.Bxb1 Rxb1
37.Kd1 Rb5 38.Rc7 Nf2+ 39.Kc2 Ne4 40.Rc4 Nxg3 41.f6 gxf6 42.Rxc3 h4 43.Bd2 Ne4
44.Rc8+  0-1

[Event "zt 3.3"]
[Site "Ho Chi Minh City VIE"]
[Date "2009.07.29"]
[Round "9"]
[White "Nguyen Anh Dung"]
[Black "Bitoon,R"]
[Result "1/2-1/2"]
[WhiteElo "2474"]
[BlackElo "2495"]

1.d4 Nf6 2.c4 e6 3.Nf3 b6 4.g3 Ba6 5.b3 Bb4+ 6.Bd2 Be7 7.Bg2 d5 8.Ne5 c6
9.Bc3 O-O 10.O-O Nbd7 11.Nxd7 Nxd7 12.Nd2 f5 13.Qc2 Nf6 14.Rfd1 Rc8 15.Nf3 Bd6
16.Ne5 Qe7 17.Bb2 Nd7  1/2-1/2

[Event "ZMD Open"]
[Site "Dresden GER"]
[Date "2009.07.30"]
[Round "6"]
[White "Epishin,V"]
[Black "Jaracz,P"]
[Result "1/2-1/2"]
[WhiteElo "2592"]
[BlackElo "2539"]

1.d4 Nf6 2.Nf3 e6 3.c4 b6 4.g3 Ba6 5.b3 Bb4+ 6.Bd2 Be7 7.Nc3 c6 8.e4 d5 9.e5 Ne4
10.Bd3 Nxc3 11.Bxc3 c5 12.dxc5 bxc5 13.cxd5 Qxd5 14.Bxa6 Nxa6 15.Qe2 Qb7
16.O-O O-O 17.Nd2 Nc7 18.Nc4 Nb5 19.Bb2 Rfd8 20.Rfd1 h6 21.Rac1 Bf8 22.Rd3 Rxd3
23.Qxd3 Qd5 24.Rd1 Rd8 25.Qxd5 exd5 26.Kf1 Nc7 27.Bc3 Rb8 28.Ne3 d4 29.Ba5 Ne6
30.Nc4 f5 31.exf6 gxf6 32.Rd3 Rb7 33.Bd2 h5 34.Rf3 Be7 35.Rf5 Ng7 36.Rd5 Kf7
37.Rd6 Ne6 38.Ke2 h4 39.Kd3 hxg3 40.hxg3 Rc7 41.Ra6 Bf8 42.g4 Be7 43.f4 Rb7
44.Ke4 Bf8 45.g5 fxg5 46.Ne5+ Ke7 47.f5 Nf4 48.Bxf4 gxf4 49.Kxf4 Kd8 50.Ke4 Rh7
51.f6 Rh4+ 52.Kd3 Rh5 53.Re6 Kc7 54.Kc4 Rh3 55.Nd3 Rf3 56.a3 Bd6 57.b4 cxb4
58.axb4 Kd7 59.Re4 Rxf6 60.Rxd4 Kc6 61.Re4 a6 62.Ne1 Rf4 63.Rxf4 Bxf4 64.Nd3 Bd6
65.Nc1 Bxb4 66.Kxb4 a5+  1/2-1/2

[Event "Czech Open A"]
[Site "Pardubice CZE"]
[Date "2009.07.31"]
[Round "8"]
[White "Babula,V"]
[Black "Lanin,A"]
[Result "1-0"]
[WhiteElo "2566"]
[BlackElo "2449"]

1.d4 Nf6 2.c4 e6 3.Nf3 b6 4.g3 Ba6 5.Qb3 Nc6 6.Nbd2 Na5 7.Qa4 Bb7 8.Bg2 c5
9.dxc5 bxc5 10.O-O Be7 11.Ne5 Bxg2 12.Kxg2 Qc7 13.Ndf3 O-O 14.Rd1 Rfd8 15.Bf4 d6
16.Bd2 Nb7 17.Nc6 Rdc8 18.Nxe7+ Qxe7 19.Bg5 h6 20.Bxf6 Qxf6 21.Rd2 Qe7 22.Rad1 Qc7
23.h4 Rd8 24.Rd3 Na5 25.Qc2 Rd7 26.b3 Nc6 27.R3d2 Rad8 28.Qe4 Ne7 29.Qf4 Ng6
30.Qg4 Nf8 31.h5 Nh7 32.Ne1 a5 33.Nd3 a4 34.Nf4 Ng5 35.f3 axb3 36.axb3 Nh7
37.Qh4 Qb7 38.Nd3 Nf6 39.Rb2 Kf8 40.g4 Qc7 41.Kf2 d5 42.Rc1 e5 43.g5 hxg5
44.Qxg5 e4 45.Nf4 exf3 46.exf3 dxc4 47.h6 Rd2+ 48.Rxd2 Rxd2+ 49.Kg3 Qe7 50.Qxg7+ Ke8
51.Ra1 Rd8 52.Qh8+ Kd7 53.Rd1+  1-0

[Event "Open"]
[Site "Kavala GRE"]
[Date "2009.08.01"]
[Round "2"]
[White "Koneru,H"]
[Black "Papadopoulos,I"]
[Result "1-0"]
[WhiteElo "2623"]
[BlackElo "2450"]

1.d4 Nf6 2.c4 e6 3.Nf3 b6 4.g3 Ba6 5.Qa4 Bb7 6.Bg2 c5 7.dxc5 bxc5 8.O-O Be7
9.Nc3 O-O 10.Bf4 d6 11.Rfd1 Qb6 12.Rab1 Nbd7 13.b4 Bc6 14.b5 Bb7 15.Qc2 Rfd8
16.e4 e5 17.Bd2 Nf8 18.Nd5 Nxd5 19.cxd5 a6 20.Bf1 axb5 21.Bxb5 Qc7 22.Bc3 Nd7
23.a4 Rdb8 24.Qe2 Qc8 25.Nd2 Ba6 26.Nc4 Nb6 27.Nxb6 Rxb6 28.a5 Bxb5 29.Rxb5 Rba6
30.Rb6 Bd8 31.Rxa6 Qxa6 32.Qxa6 Rxa6 33.Kf1 Kf8 34.Ke2 c4 35.Rb1 Ra7 36.Rb5 f5
37.exf5 Ke8 38.Bb4 Kd7 39.Kd2 e4 40.Bc3  1-0

[Event "Arctic Chess Challenge"]
[Site "Tromso NOR"]
[Date "2009.08.04"]
[Round "4"]
[White "Lovik,L"]
[Black "Thingstad,E"]
[Result "1-0"]
[WhiteElo "2296"]
[BlackElo "2058"]

1.d4 Nf6 2.c4 e6 3.Nf3 b6 4.g3 Ba6 5.b3 b5 6.Bg2 bxc4 7.Ne5 d5 8.bxc4 c6
9.O-O Nfd7 10.Nxd7 Nxd7 11.Nd2 Bb4 12.Qa4 Qa5 13.Qc2 O-O 14.e4 Bxd2 15.Bxd2 Qd8
16.Rfc1 Bxc4 17.Bb4 Re8 18.Bd6 Qb6 19.Qd2 Rac8 20.Rab1 Qa6 21.Qb4 Nb6 22.e5 Qxa2
23.Ra1 Qe2 24.Rxa7 Bb5 25.Bf1 Qe4 26.Re1 Qg4 27.h3 Qf5 28.Bxb5 cxb5 29.Qxb5 Nc4
30.Kg2 Nd2 31.Re3 Nc4 32.Rf3 Qe4 33.Bb4 Ne3+ 34.fxe3 Rc2+ 35.Kg1 Rc1+ 36.Kf2 Rec8
37.Bd2 R1c2 38.Qe2 Rf8 39.Ra3 h6 40.Qd3 Rfc8  1-0

[Event "Arctic Chess Challenge"]
[Site "Tromso NOR"]
[Date "2009.08.06"]
[Round "6"]
[White "Malakhatko,V"]
[Black "Urkedal,F"]
[Result "1-0"]
[WhiteElo "2570"]
[BlackElo "2333"]

1.d4 Nf6 2.c4 e6 3.Nf3 b6 4.g3 Ba6 5.b3 Bb4+ 6.Bd2 Be7 7.Bg2 c6 8.Bc3 d5
9.Ne5 Nfd7 10.Nxd7 Nxd7 11.Nd2 O-O 12.O-O Rc8 13.e4 b5 14.Re1 bxc4 15.bxc4 dxc4
16.Qa4 Bb5 17.Qc2 Re8 18.a4 Ba6 19.Rad1 Qc7 20.Bf1 c5 21.d5 exd5 22.exd5 Nb6
23.Ba5 Bf6 24.Bxc4 Bb7 25.Ne4 Bd4 26.Bb5 Rf8 27.Ng5 g6 28.Nf3 Qd6 29.Nxd4 cxd4
30.Qa2 Bxd5 31.Qa1 Qf6 32.Rd3 Qf5 33.Qxd4 Qh3 34.f3 Rc2 35.Bd2 Ba8 36.a5 Nd5
37.Ba4 Rc7 38.Bb3 Rd7 39.Qf2 Qf5 40.Rd4 Rfd8 41.Bh6 Qf6 42.h4 Qd6 43.Kh2 Qb8
44.Qb2 f6 45.Rde4 Qd6 46.Re6 Nb4  1-0

[Event "Yoel Geva YTGM"]
[Site "Tel Aviv ISR"]
[Date "2009.08.10"]
[Round "2"]
[White "Bykhovsky,Av"]
[Black "Lerner,K"]
[Result "1/2-1/2"]
[WhiteElo "2396"]
[BlackElo "2549"]

1.d4 Nf6 2.c4 e6 3.Nf3 b6 4.g3 Ba6 5.b3 Bb4+ 6.Bd2 Be7 7.Bg2 c6 8.Bc3 d5
9.Ne5 Nfd7 10.Nxd7 Nxd7 11.Nd2 O-O 12.O-O Rc8 13.e4 b5 14.Re1 bxc4 15.bxc4 dxc4
16.Qa4 Bb5 17.Qc2 Re8  1/2-1/2

[Event "16th Vienna Open"]
[Site "Vienna AUT"]
[Date "2009.08.15"]
[Round "1"]
[White "Rorato,G"]
[Black "Bawart,M"]
[Result "1/2-1/2"]
[WhiteElo "2070"]
[BlackElo "2385"]

1.d4 Nf6 2.Nf3 b6 3.c4 e6 4.g3 Ba6 5.b3 Bb4+ 6.Bd2 Be7 7.Bg2 O-O 8.O-O Bb7
9.Nc3 Ne4 10.Nxe4 Bxe4 11.Bc3 d6 12.Nd2 Bxg2 13.Kxg2 c5 14.Nf3 Nd7 15.d5 e5
16.e4 Rb8 17.Nd2 Bg5 18.f4 exf4 19.gxf4 Bf6 20.Qf3 Bxc3 21.Qxc3 Qh4 22.Rae1 Rbe8
23.Qg3 Qh6 24.Nf3 Nf6 25.Ng5 Nh5 26.Qg4 Qg6 27.f5 Qh6 28.Rf3 Nf6 29.Qf4 Nh5
30.Qg4 Re5 31.Rh3 g6 32.Ree3 Rfe8 33.Reg3 f6 34.Ne6 Qd2+ 35.Kf3 Qd3+ 36.Kf2 Nxg3
37.Rxh7 Nxe4+ 38.Kg2 Qd2+  1/2-1/2

[Event "16th Vienna Open"]
[Site "Vienna AUT"]
[Date "2009.08.17"]
[Round "3"]
[White "Midoux,S"]
[Black "Butuc,M"]
[Result "0-1"]
[WhiteElo "2331"]
[BlackElo "2186"]

1.d4 Nf6 2.c4 e6 3.Nf3 b6 4.g3 Ba6 5.Qc2 Bb4+ 6.Bd2 Be7 7.b4 c5 8.dxc5 bxc5
9.b5 Bb7 10.Bg2 O-O 11.O-O d5 12.a4 Nbd7 13.a5 Rc8 14.a6 Ba8 15.Ba5 Nb6 16.Nbd2 Bd6
17.Rad1 d4 18.Ng5 Bxg2 19.Kxg2 Bc7 20.Bxb6 Bxb6 21.Ndf3 Qd6 22.e4 e5 23.Ne1 h6
24.Ngf3 Rce8 25.Nd3 Nh7 26.Nh4 Ng5 27.f3 g6 28.Rde1 Ne6 29.f4 exf4 30.gxf4 Ba5
31.Ra1 Bd8 32.Qf2 Ng7 33.Rae1 Qe6 34.Nxc5 Qg4+ 35.Qg3 Qxh4 36.Nd7 Qe7 37.Nxf8 Qxf8
38.f5 g5 39.e5 Qc5 40.f6 Ne6 41.Qh3 Qxc4 42.Qxh6 d3 43.Re3 d2 44.Qh5 Nf4+
45.Rxf4 Qxf4 46.Qh6 Qg4+ 47.Rg3 Qe4+ 48.Kh3 Qf5+ 49.Kg2 Bxf6 50.Rxg5+  0-1

[Event "24th Open"]
[Site "Tetevan BUL"]
[Date "2009.08.19"]
[Round "7"]
[White "Dobrev,Nay"]
[Black "Andreev,Sa"]
[Result "1/2-1/2"]
[WhiteElo "2163"]
[BlackElo "2090"]

1.d4 e6 2.c4 Nf6 3.Nf3 b6 4.g3 Ba6 5.b3 b5 6.Bg2 bxc4 7.Ne5 Bb4+ 8.Bd2 cxb3
9.Bxb4 b2 10.Nc3 bxa1=Q 11.Qxa1 d5 12.O-O Nbd7 13.f4 c5 14.Ba3 Nxe5 15.fxe5 Nd7
16.dxc5 Qa5 17.c6 Qxa3 18.cxd7+ Ke7 19.Rf3 Qc5+ 20.Kh1 Rad8 21.Na4 Qb4 22.Rf4 Bc4
23.Nc3 Rxd7 24.h4 Rb8 25.Kh2 Qb2 26.Qe1 Rc7 27.Qf2 Ke8 28.Rg4 g6 29.Qf6 Rd8
30.Nd1 Qxe2 31.Nf2 Re7 32.Rd4 Qxa2 33.Qf4 Rb8 34.Rd2 Rb2 35.Rxb2 Qxb2 36.Ng4 Kd7
37.Nf6+ Kc7 38.Ng8 Rd7 39.Nf6 Re7 40.Ng8 Rd7 41.Nf6 Rd8 42.Nxh7 d4 43.Nf6 a5
44.Kh3 Ba6 45.Ne4 Bb7 46.Qxf7+ Rd7 47.Qxe6 d3  1/2-1/2

[Event "16th Vienna Open"]
[Site "Vienna AUT"]
[Date "2009.08.19"]
[Round "5"]
[White "Zilka,S"]
[Black "Ruecker,Be"]
[Result "1/2-1/2"]
[WhiteElo "2466"]
[BlackElo "2258"]

1.d4 Nf6 2.c4 e6 3.Nf3 b6 4.g3 Ba6 5.b3 b5 6.Nbd2 Bb4 7.Qc2 bxc4 8.bxc4 c5
9.a3 Bxd2+ 10.Bxd2 Bb7 11.dxc5 Ne4 12.Bg2 Nxd2 13.Qxd2 Na6 14.O-O O-O 15.c6 Bxc6
16.Qd6 Rc8 17.Rfd1 Qa5 18.Ne5 Bxg2 19.Kxg2 Nc5 20.Nxd7 Nxd7 21.Qxd7 Rxc4
22.a4 g6 23.Qb5 Qxb5 24.axb5 Rb4 25.Ra5 Rb8 26.Rd7 R4xb5 27.Raxa7 Rf8 28.Rdb7  1/2-1/2